“陶瓷”地点数量≥1000的地级行政区 Prefectures with ≥1000 ceramics sites - Statistics

General Stats
  • This quiz has been taken 45 times
  • The average score is 18 of 37
Answer Stats
地级行政区 数量 % Correct
景德镇 4331
95%
广州 1340
85%
上海 1101
83%
苏州 1399
80%
佛山 5015
76%
无锡 2162
76%
泉州 3193
71%
郑州 1347
71%
东莞 1114
71%
重庆 3329
68%
成都 2318
68%
杭州 1682
68%
武汉 1531
68%
长沙 1902
61%
上饶 1470
61%
合肥 1162
59%
金华 1681
56%
温州 1182
56%
宁波 1115
56%
台州 1058
54%
惠州 1292
49%
嘉兴 1169
49%
赣州 1068
46%
潮州 3141
41%
南宁 1079
41%
石家庄 1272
39%
宜春 1354
32%
南阳 1568
27%
湛江 1358
22%
邯郸 1076
22%
茂名 1936
20%
周口 1224
20%
淄博 1345
17%
信阳 1156
12%
阜阳 1663
10%
黄冈 1043
7%
玉林 1167
5%
No matching quizzes found
Score Distribution
Percent of People with Each Score
Percentile by Number Answered
Your Score History
You have not taken this quiz